Nuevas miradas sobre los jóvenes : México / Québec.
Tallennettuna:
| Päätekijä: | |
|---|---|
| Muut tekijät: | |
| Aineistotyyppi: | Kirja |
| Kieli: | espanja |
| Sarja: | (Colección Jóvenes ;
no. 13) |
| Aiheet: | |
| Tagit: |
Ei tageja, Lisää ensimmäinen tagi!
|
MARC
| LEADER | 00000cam^a2200000uu^4500 | ||
|---|---|---|---|
| 001 | 000493975 | ||
| 005 | 20250521000000.0 | ||
| 008 | 040303s2003^^^^^^^^^^^^rd^r^^000^0^spa^d | ||
| 009 | 20260310125515.558 | ||
| 022 | |a 968522403X | ||
| 035 | |a FCE 000037354 | ||
| 035 | |a FCE 037400 | ||
| 037 | |a Acervo ITESO - Biblioteca | ||
| 041 | |a spa | ||
| 082 | 0 | 4 | |a 305.235 |b JOV 13 |
| 100 | |a Pérez Islas, José Antonio, |e coord |e (autor) | ||
| 245 | 1 | 0 | |a Nuevas miradas sobre los jóvenes : |b México / Québec. |
| 264 | |a México : |b IMJ : SEP : Québec : Observatoire, |c 2003. | ||
| 300 | |a 361 p. | ||
| 336 | |a texto |b txt |2 rdacontenido | ||
| 337 | |a sin mediación |b n |2 rdamedio | ||
| 338 | |a volumen |b nc |2 rdasoporte | ||
| 440 | 0 | |a (Colección Jóvenes ; |v no. 13) | |
| 649 | |a XX | ||
| 650 | |a Jóvenes | ||
| 650 | |a Juventud | ||
| 650 | |a Aspectos sociales | ||
| 650 | |a México | ||
| 650 | |a Canadá | ||
| 650 | |a Quebec, Canadá | ||
| 700 | |a Valdez González, Mónica, |e coord. ; [et al.] |e (autor) | ||
| 910 | |a Fondo Centro de Estudios Educativos | ||
| 920 | |a Impresos - Libros | ||
| 930 | |a Fondos Especiales | ||
| 905 | |a 133 | ||
| 901 | |a ALE037400 |b IT2 |c CEE |u 20250521 | ||
| 902 | |a https://opac.biblio.iteso.mx/vufind/Record/000493975 | ||